000 00226nam a2200097Ia 4500
005 20251222114408.0
008 251222s1900||||xx |||||||||||||| ||spa||
082 _aDVD0124/P59T/2005
245 0 _aPink floyd the wall:
942 _cDVD
999 _c1923
_d1923